Victoria's Secret Models - Statistics

General Stats
  • This quiz has been taken 174 times
  • The average score is 11 of 41
Answer Stats
Nationality Show Years Answer % Correct
Brazilian 1999–2008; 2010–2018 Adriana Lima
93%
Brazilian 1999–2006 Gisele Bündchen
81%
Brazilian 2000–2017 Alessandra Ambrosio
61%
German 1997–2005; 2007–2009 Heidi Klum
60%
Australian 2006–2009; 2011–2012 Miranda Kerr
51%
American 1996–2005 Tyra Banks
51%
South African 2007–2015; 2017–2018 Candice Swanepoel
49%
American 2014–2018 Taylor Hill
42%
Hungarian 2012; 2018 Barbara Palvin
41%
Dutch 2005–2006; 2008–2009; 2011–2014 Doutzen Kroes
40%
Swedish 2011–2018 Elsa Hosk
34%
American 2011–2014; 2017 Karlie Kloss
33%
Czech 2000–2008; 2010 Karolína Kurková
31%
American 2009–2017 Lily Aldridge
30%
Namibian 2007–2015; 2018 Behati Prinsloo
29%
American 2012–2018 Jasmine Tookes
29%
Portuguese 2013–2018 Sara Sampaio
29%
Dutch 2014–2018 Romee Strijd
27%
American 2013–2018 Martha Hunt
24%
Brazilian 2005–2016 Izabel Goulart
22%
Danish 2013–2018 Josephine Skriver
22%
Brazilian 2010–2011; 2013–2018 Lais Ribeiro
22%
British 2006–2010 Rosie Huntington-Whiteley
22%
Belgian 2014–2018 Stella Maxwell
22%
American 2008–2013 Erin Heatherton
19%
American 2009–2011 Chanel Iman
18%
American 2016–2018 Grace Elizabeth
17%
American 2007–2014 Lindsay Ellingson
14%
French 1997–2000 Laetitia Casta
13%
American 2007–2009 Marisa Miller
13%
Caymanian 2005–2010 Selita Ebanks
13%
Danish 1996–1997 Helena Christensen
12%
Dutch 1996–2000 Karen Mulder
11%
Polish 2013–2015 Jac Jagaciak
10%
British 2017–2018 Alexina Graham
9%
Argentinian 1998–2001 Inés Rivero
9%
American 1995–2000 Stephanie Seymour
9%
Czech 1998–2001 Daniela Peštová
8%
Russian 2014–2016 Kate Grigorieva
8%
British 2015–2018 Leomie Anderson
8%
American 1997–1998 Chandra North
5%
No matching quizzes found
Score Distribution
Percent of People with Each Score
Percentile by Number Answered
Your Score History
You have not taken this quiz